| 000 | 02408nam a2200421 i 4500 | ||
|---|---|---|---|
| 001 | ebr10833793 | ||
| 003 | CaPaEBR | ||
| 006 | m o d | ||
| 007 | cr cn||||||||| | ||
| 008 | 140215t20142014njua ob 001 0 eng d | ||
| 020 | _z9781118888117 | ||
| 020 | _a9781118888155 (e-book) | ||
| 040 |
_aCaPaEBR _beng _erda _epn _cCaPaEBR |
||
| 035 | _a(OCoLC)870086750 | ||
| 050 | 1 | 4 |
_aTA418.24 _b.I584 2014eb |
| 082 | 0 | 4 |
_a620.11217 _223 |
| 110 | 2 | _aMinerals, Metals and Materials Society. | |
| 245 | 1 | 0 |
_a5th international symposium on high temperature metallurgical processing : _bproceedings of a symposium sponsored by The Minerals, Metals & Materials Society (TMS) held during TMS 2014, 143rd Annual Meeting & Exhibition, San Diego Convention Center, San Diego, California, USA / _cedited by Tao Jiang [and six others] ; Minerals, Metals and Materials Society. |
| 264 | 1 |
_aNew Jersey : _bJohn Wiley & Sons, Inc., _c2014. |
|
| 264 | 4 | _c�2014 | |
| 300 |
_a1 online resource (672 pages) : _billustrations |
||
| 336 |
_atext _2rdacontent |
||
| 337 |
_acomputer _2rdamedia |
||
| 338 |
_aonline resource _2rdacarrier |
||
| 504 | _aIncludes bibliographical references at the end of each chapters and indexes. | ||
| 588 | _aDescription based on online resource; title from PDF title page (ebrary, viewed February 13, 2014). | ||
| 590 | _aElectronic reproduction. Palo Alto, Calif. : ebrary, 2015. Available via World Wide Web. Access may be limited to ebrary affiliated libraries. | ||
| 650 | 0 |
_aMaterials at high temperatures _vCongresses. |
|
| 650 | 0 | _aHigh temperature superconductors. | |
| 650 | 0 |
_aMetals _xEffect of high temperatures on _vCongresses. |
|
| 650 | 0 |
_aLight metals _xMetallurgy _vCongresses. |
|
| 650 | 0 |
_aAlloys _vCongresses. |
|
| 655 | 0 | _aElectronic books. | |
| 700 | 1 | _aJiang, Tao. | |
| 776 | 0 | 8 |
_iPrint version: _aMinerals, Metals and Materials Society. _t5th international symposium on high temperature metallurgical processing : proceedings of a symposium sponsored by The Minerals, Metals & Materials Society (TMS) held during TMS 2014, 143rd Annual Meeting & Exhibition, San Diego Convention Center, San Diego, California, USA. _dNew Jersey : John Wiley & Sons, Inc., c2014 _hxviii, 652 pages _z9781118888117 |
| 797 | 2 | _aebrary. | |
| 856 | 4 | 0 |
_uhttp://site.ebrary.com/lib/rucke/Doc?id=10833793 _zAn electronic book accessible through the World Wide Web; click to view |
| 999 |
_c92460 _d92460 |
||